Statistics for Jeopardy #8487

Click here to take the quiz!

General Stats

  • This quiz has been taken 22 times
  • The average score is 15 of 60

Answer Stats

CategoryCashClueAnswer% Correct
LET'S INTRODUCE THE "BAND"$20010-letter term for illegally smuggled stuffcontraband
92%
ON BASE$200In 1958 this kid from Memphis traded in his blue suede shoes & got some Army issue ones at Arkansas' Fort ChaffeeElvis Presley
92%
ON BASE$400Seen here, a soldier is taking in the view of Mount Rainier at Joint Base Lewis McChord in this stateWashington
75%
YOU'VE BEEN A GREAT AUDIENCE$600Partly to keep the audience awake, he kept the Ed Sullivan Theater at 55 degrees when taping his late-night show that ended in 2015David Letterman
67%
AT THE ORGAN$600This protein- & iron-rich chicken part in "chopped" form is also in a common rhetorical questionliver
67%
LET'S INTRODUCE THE "BAND"$400Printed cotton handkerchief used as headweara bandana
58%
& PLAYING TRIANGLE$400The ancient Greeks compared the constellation Triangulum to this capital letter of theirsdelta
58%
AT THE ORGAN$200It precedes "bean" in something you may enjoy & precedes "stone" in something you very much would notkidney
58%
ON BASE$600John McCain was born on a U.S. military base near a strategic waterway in this countryPanama
58%
OUR LEAD SINGER$400Before Maroon 5, his high school band called Kara's Flowers appeared in an episode of "Beverly Hills 90210"Adam Levine
50%
AT THE ORGAN$400It's the organ that's often contrasted with brawnbrain
50%
OUR LEAD SINGER$600Lead singer Billie Joe Armstrong says Serena Williams, a superfan of this band, always requests they play "Disappearing Boy"Green Day
50%
OUR LEAD SINGER$200Hosting "SNL", Carey Mulligan said she liked to call this band "My Husband & Sons", hubby Marcus being its lead singerMumford & Sons
50%
OUR LEAD SINGER$1000In 1984 Chris Cornell co-founded this band named after an art installation in SeattleSoundgarden
50%
YOU'VE BEEN A GREAT AUDIENCE$800A Haydn symphony is nicknamed "Miracle" after the tale that one of these fell & smashed in a miraculously empty audience areaa chandelier
42%
AT THE ORGAN$800Speak with one of these, also found in some snakes' mouths, & your intent is to deceivea forked tongue
42%
OUR LEAD SINGER$800Here is this singer, who died far too young, far from home in ParisJim Morrison
42%
YOU'VE BEEN A GREAT AUDIENCE$400Broadway theaters have at least 500 seats; off-Broadway ones tend to have 100 to 499 & these with a similar name, under 100off-off Broadway
42%
JESUS GEOGRAPHY$800In Matthew 3 John the Baptist is reluctant to baptize Jesus in this riverthe Jordan
42%
& PLAYING TRIANGLE$600Just like a boat, windmills like the ones seen here use a type of triangular sail with this 3-letter namea jib
33%
LET'S INTRODUCE THE "BAND"$800This nickname for a slot machine that dates back to the 1930s sounds like someone who is about to rob youa one-armed bandit
33%
JESUS GEOGRAPHY$400In Luke Chapter 2 verse 4, Joseph goes to this city where the baby Jesus makes his appearance a bit laterBethlehem
33%
ON BASE$1000This Marine "Camp" outside of San Diego was used in TV shows like "Gomer Pyle" & "Baa Baa Black Sheep"Pendleton
33%
& PLAYING TRIANGLE$800This 6th century B.C. man's theorem about the lengths of the sides of a right triangle is actually far older than even he isPythagoras
33%
EUROPEAN HISTORY$1200King Gustav III of this country was shot at the opera house in 1792 & died 2 weeks laterSweden
33%
LET'S INTRODUCE THE "BAND"$600It can be a movement propelled by sheer momentum or something that literally conveys musiciansa bandwagon
25%
& PLAYING TRIANGLE$200"The sum of any 2 sides of a triangle is equal to or greater than the 3rd side" means this is the short route between 2 pointsa straight line
17%
EDUCATION FIRSTS$2000In 1761 Claude Bourgelat, who wrote "Sur la médecine des chevaux", set up the first school for this professiona veterinarian
17%
EDUCATION FIRSTS$400Friedrich Froebel started the first of these schools in Germany in 1837 & started the day with merry songskindergarten
17%
EDUCATION FIRSTS$1600The USA's first public teacher training school evolved into Framingham State University in this stateMassachusetts
17%
YOU'VE BEEN A GREAT AUDIENCE$1000Putting down hecklers 1765-style, this Virginia orator responded to cries of "treason" with "If this be treason, make the most of it"Patrick Henry
17%
EUROPEAN HISTORY$400In medieval politics the Ghibellines supported the emperor; the Guelphs were loyal to the man with this titlethe Pope
17%
EDUCATION FIRSTS$1200Golfer Terry Williams was the USA's first woman to receive one of these, from the University of Miami in 1973a sports scholarship
8%
AT THE ORGAN$1000Synonyms for this word, also an organ, include vesicle, sac & pouchbladder
8%
EDUCATION FIRSTS$800In 1783 Poland was the first country to ban this in schools; it's also banned in the country's constitutioncorporal punishment
8%
& PLAYING TRIANGLE$1000In Pascal's triangle, any two numbers add up to the number below & between them; adding diagonally yields this man's sequenceFibonacci
8%
JESUS GEOGRAPHY$1600From Hebrew for "oil press", this garden across the Kidron Valley is depicted here by RaphaelGethsemane
8%
ON BASE$800In 1968 an air reserve base in Indiana was named for this Hoosier astronaut killed in a fire the year beforeGus Grissom
8%
JESUS GEOGRAPHY$1200When Jesus was 12 he went to the festival of Passover in this city, as was the tradition of his parentsJerusalem
8%
WHO DIRECTED IT?$12001991's "Point Break", "Zero Dark Thirty"Kathryn Bigelow
8%
EUROPEAN HISTORY$800In the mid-1800s Russia began building these routes with a 5-foot gauge, wider than the European standardrailways
8%
LET'S INTRODUCE THE "BAND"$1000Lewis Carroll's "frumious" creaturea bandersnatch
0%
IN- IS OUT$800An affirmative interjection loses "in-" & turns into this legal documenta deed
0%
IN- IS OUT$1600A thank you-less person loses "in-" to become this frame of metal barsa grate
0%
WHO DIRECTED IT?$800"When They See Us", "A Wrinkle in Time", "Selma"Ava DuVernay
0%
JESUS GEOGRAPHY$2000The Hebrew name Nahum gave us the name of this city where several of the disciples were chosenCapernaum
0%
IN- IS OUT$2000A breathing verb loses "in-" & turns into this hearty wordhale
0%
PUBLISHINGN/ALast name of brothers James, John, Joseph & Fletcher, whose company published magazines with their name as well as booksHarper
0%
YOU'VE BEEN A GREAT AUDIENCE$200David Copperfield had a standard magic trick where he made this happen to 13 audience membershe made them disappear
0%
MAKING A SHORT STORY LONG$1200Jonathan Safran Foer expanded his short story "The Very Rigid Search" into the novel "Everything is" thisIlluminated
0%
MAKING A SHORT STORY LONG$800This sci-fi great teamed with Robert Silverberg to expand his classic 1941 short story "Nightfall" into a 1990 novelIsaac Asimov
0%
MAKING A SHORT STORY LONG$400This dog "Come-Home" first appeared as a 1938 Saturday Evening Post story; a novel followed, then radio, movies & TVLassie
0%
WHO DIRECTED IT?$2000"Red Hot Chili Peppers: Dark Necessities", "Booksmart"Olivia Wilde
0%
WHO DIRECTED IT?$1600"Wonder Woman", episodes of "Entourage" & "Arrested Development"Patty Jenkins
0%
WHO DIRECTED IT?$400"Riding in Cars with Boys","Awakenings"(Penny) Marshall
0%
MAKING A SHORT STORY LONG$1600"Big Creek Missile Agency", Homer Hickam's article about his childhood, became this book that became the movie "October Sky"Rocket Boys
0%
EUROPEAN HISTORY$2000Though Pippin III founded this Frankish dynasty in 751, its name comes from the many Charleses who ruled itthe Carolingians
0%
MAKING A SHORT STORY LONG$2000First a short story, this Jeffrey Eugenides novel about 5 sisters who die young became a Sofia Coppola filmThe Virgin Suicides
0%
EUROPEAN HISTORY$1600In 1240, Henry III had the central keep of the fortress seen here painted, giving rise to this 2-word namethe White Tower
0%
IN- IS OUT$400Remove "in-" from a word meaning keen perception to get this school costtuition
0%

Score Distribution

Percentile by Number Answered

Percent of People with Each Score

Your Score History

You have not taken this quiz